00359nam a2200145Ia 4500008004100000041000800041082001500049100001300064245004500077260002600122300002600148365001600174500001000190700001300200230718s9999 xx 000 0 und d aeng a006.32bFU aFu Limin aNeural Networks In Computer Intelligence c1994bMicrosoft Press a460dRef 138 C (4803) cRs.b478.40 a138 C aFu Limin